Elements of shipping
| Main Author: | Branch, Alan E |
|---|---|
| Language: | English |
| Published: |
London:
Routledge/Taylor & Francis Group,
2007.
|
| Edition: | 8th ed. |
| Subjects: |
| LEADER | 00631cam a2200205 7i4500 | ||
|---|---|---|---|
| 001 | 0000024537 | ||
| 005 | 20081009090000.0 | ||
| 008 | 081009 eng | ||
| 020 | |a 9780415362863 | ||
| 040 | |a OHIO | ||
| 090 | 0 | 0 | |a HE571 |b .B67 2007 |
| 100 | 1 | |a Branch, Alan E | |
| 245 | 1 | 0 | |a Elements of shipping |c Alan E. Branch. |
| 250 | |a 8th ed. | ||
| 260 | |a London: |b Routledge/Taylor & Francis Group, |c 2007. | ||
| 300 | |a xviii, 504 p.: |b ill.; |c 23 cm. | ||
| 500 | |a Includes index | ||
| 650 | 0 | 0 | |a UNISEL Graduate School of Management, Program |
| 650 | 0 | 0 | |a Shipping |
| 999 | |a 0000024846 |b BOK |c OPEN SHELF |e 1st Floor, Shah Alam | ||


